| 000 | 00457nam a2200181Ia 4500 | ||
|---|---|---|---|
| 003 | SGT | ||
| 020 | _a9788120322332 | ||
| 082 |
_a511.3 _bLEW |
||
| 100 | _aLewis,H.R | ||
| 245 | _aElements of the theory of computation | ||
| 250 | _a2nd Ed. | ||
| 260 |
_bPHI Learning Private Limited _aNew Delhi _c1998 |
||
| 300 | _a361p. | ||
| 650 | _aMATHEMATICS | ||
| 653 | _aRELATION AND LANGUAGES, FINITE AUTOMATA | ||
| 700 | _aPapadimitriou,C.H | ||
| 942 |
_2ddc _cBK |
||
| 999 |
_c5326 _d5326 |
||